Mapmaking in the central Andes
| Published in: | The history of cartography, J.B. Harley and David Woodward, Chicago [etc.], p. 257-300 (3) |
|---|---|
| Main Author: | |
| Content type: | Article |
| Published: |
1998
|
| Source: | MPIPL_cat |
MARC
| LEADER | 00000naa a2200000 u 4500 | ||
|---|---|---|---|
| 001 | PL0086647 | ||
| 003 | PLI01000000000000000084357 | ||
| 005 | 00000000000000.0 | ||
| 008 | ||| u | ||
| 100 | 1 | |a Gartner, William G. | |
| 245 | 0 | 0 | |a Mapmaking in the central Andes |c William G. Gartner |
| 260 | |c 1998 | ||
| 773 | 0 | 8 | |t The history of cartography |a J.B. Harley and David Woodward |k 3 |d Chicago [etc.] |g p. 257-300 |w MPIPL_cat.PL0086269 |z 0-226-90728-7 |i In: |
| 952 | |h p. 257-300 | ||
| 996 | |a Aufsatz | ||
| 997 | |a book chapter | ||